Statistics for A-Z: USA

Click here to take the quiz!

General Stats

  • This quiz has been taken 69 times
  • The average score is 16 of 26

Answer Stats

HintAnswer% Correct
City where there was a "tea party" in 1773BBoston
100%
State where there was a gold rush in 1848CCalifornia
97%
Two states; one is WestVVirginia
86%
President who started the Atoms for Peace initiativeEDwight D Eisenhower
85%
Mountain in Alaska formerly known as Mt McKinleyDDenali
78%
County in California, known as OC, the 6th most populous county in the USAOOrange County
78%
Mormon CentralUUtah
75%
First name of the 12th President, Mr TaylorZZachary
75%
Famous graveyard in Washington DCAArlington
71%
Legendary singer who died of a Propofol overdoseJMichael Jackson
71%
Author of "The Old Man and the Sea"HErnest Hemingway
69%
Capital of the Fried Chicken stateFFrankfort
69%
TV series with Mulder and Scully investigating weird stuffXThe X Files
69%
One of the most famous baseball players everRBabe Ruth
63%
Rock group headed by Gene SimmonsKKiss
63%
Vice President known for his gaffesQDan Quayle
57%
University in Washington DCGGeorgetown
57%
Movie starring cowboysWWestern
55%
1945 Conference attended by FDR, Churchill and StalinYYalta
55%
San Francisco 49er quarterbackMJoe Montana
54%
Birthplace of Elvis, in MississippiTTupelo
46%
Opera based on US President's trip to ChinaNNixon in China
43%
Actor who starred in "To Kill a Mockingbird" and "The Omen"PGregory Peck
42%
Californian City near Los AngelesIInglewood
29%
Memorial to John Lennon in Central Park, NYCSStrawberry Fields
22%
West Coast band who released "Forever Changes" in 1967LLove
12%

Score Distribution

Percentile by Number Answered

Percent of People with Each Score

Your Score History

You have not taken this quiz